Barbie : (Record no. 106248)
[ view plain ]
| 000 -LEADER | |
|---|---|
| fixed length control field | 00433nam a2200157 a 4500 |
| 005 - DATE AND TIME OF LATEST TRANSACTION | |
| control field | 20140412111427.0 |
| 008 - FIXED-LENGTH DATA ELEMENTS--GENERAL INFORMATION | |
| fixed length control field | 090710s19uu xx 00 eng d |
| 020 ## - INTERNATIONAL STANDARD BOOK NUMBER | |
| International Standard Book Number | 0-7172-8825-0 |
| 050 ## - LIBRARY OF CONGRESS CALL NUMBER | |
| Classification number | ER |
| Item number | Ba23 1998 |
| 100 ## - MAIN ENTRY--PERSONAL NAME | |
| Personal name | Balducci, Rita |
| 245 ## - TITLE STATEMENT | |
| Title | Barbie : |
| Remainder of title | A sea of friends / |
| Statement of responsibility, etc | Rita Balducci. |
| 260 ## - PUBLICATION, DISTRIBUTION, ETC. (IMPRINT) | |
| Place of publication, distribution, etc | U.S.A : |
| Name of publisher, distributor, etc | Grolier enterprises, |
| Date of publication, distribution, etc | 1998. |
| 300 ## - PHYSICAL DESCRIPTION | |
| Extent | 55p. |
| 440 ## - SERIES STATEMENT/ADDED ENTRY--TITLE | |
| Title | Barbie and friends book club |
| Withdrawn status | Lost status | Damaged status | Home library | Current library | Shelving location | Date acquired | Source of acquisition | Total Checkouts | Full call number | Barcode | Date last seen | Price effective from | Koha item type |
|---|---|---|---|---|---|---|---|---|---|---|---|---|---|
| Elizalde Library | Elizalde Library | Easy Reading Section | 07/10/2009 | ER Ba23 1998 | E11485 | 04/12/2014 | 04/12/2014 | Books |